Statistics for Hitman (2016) Targets

Click here to take the quiz!

General Stats

  • This quiz has been taken 52 times
  • The average score is 13 of 23

Answer Stats

MissionTargets% Correct
Situs InvertusErich Soders
76%
Situs InvertusYuki Yamazaki
76%
World of TomorrowSilvio Caruso
74%
The ShowstopperViktor Novikov
74%
Freedom FightersSean Rose
71%
The ShowstopperDalia Margolis
69%
Club 27Jordan Cross
69%
Club 27Ken Morgan
67%
A Gilded CageReza Zaydan
67%
Freedom FightersEzra Berg
64%
The Final TestJasper Knight
62%
Freeform TrainingKalvin Ritter
62%
Freedom FightersMaya Parvati
60%
Freedom FightersPenelope Graves
60%
A Gilded CageClaus Hugo Strandberg
57%
World of TomorrowFrancesca De Santis
57%
The SourceOybek Nabazov
40%
The AuthorBrother Akram
36%
The SourceSister Yulduz
36%
Patient ZeroOwen Cage
33%
The AuthorCraig Black
31%
Patient ZeroKlaus Liebleid
24%
The VectorBradley Paine
17%

Score Distribution

Percentile by Number Answered

Percent of People with Each Score

Your Score History

You have not taken this quiz